Statistics for MLB Home Run Derby Winners

Click here to take the quiz!

General Stats

  • This quiz has been taken 7,432 times
    (1,168 since last reset)
  • The average score is 19 of 33

Answer Stats

YearLast Name% Correct
2017Aaron Judge
92%
2007Vladimir Guerrero
89%
2023Vladimir Guerrero Jr.
89%
2019, 2021Pete Alonso
87%
2018Bryce Harper
86%
2016Giancarlo Stanton
85%
1994, 1998, 1999Ken Griffey Jr.
81%
2022Juan Soto
79%
1996Barry Bonds
75%
2000Sammy Sosa
72%
2010David Ortiz
71%
1992Mark McGwire
70%
2006Ryan Howard
64%
1991Cal Ripken
62%
1995Frank Thomas
60%
2009, 2012Prince Fielder
60%
1993Juan Gonzalez
57%
2001Luis Gonzalez
57%
1989Eric Davis
51%
2015Todd Frazier
48%
2008Justin Morneau
46%
2013, 2014Yoenis Céspedes
46%
2002Jason Giambi
44%
1986Darryl Strawberry
43%
1990Ryne Sandberg
42%
2011Robinson Canó
39%
1997Tino Martinez
37%
2003Garret Anderson
34%
1987Andre Dawson
32%
2005Bobby Abreu
31%
2004Miguel Tejada
30%
1985Dave Parker
24%
1986Wally Joyner
21%

Score Distribution

Percentile by Number Answered

Percent of People with Each Score

Your Score History

You have not taken this quiz since the last reset